[Event "Xtracon Skakligaen"]
[Site "Denmark"]
[Date "2016.10.29"]
[Round "1.1"]
[White "Hillarp Persson, Tiger"]
[Black "Andreasen, Henrik"]
[Result "1-0"]
[WhiteElo "2513"]
[BlackElo "2215"]
[PlyCount "57"]
[EventDate "2016.10.29"]
[EventType "team-tourn"]
[EventRounds "9"]
[EventCountry "DEN"]
[WhiteTeam "Bronshoj 1"]
[BlackTeam "K41 1"]
[WhiteTeamCountry "DEN"]
[BlackTeamCountry "DEN"]

1. d4 Nf6 2. c4 g6 3. Nc3 d5 4. Bg5 Bg7 5. Bxf6 Bxf6 6. cxd5 c6 7. e4 O-O 8. h4
cxd5 9. e5 Bg7 10. h5 Nc6 11. hxg6 hxg6 12. Qd2 Qa5 13. Nge2 Rd8 14. Nf4 a6 15.
Be2 e6 16. Rd1 b5 17. Bg4 b4 18. Nce2 b3 19. axb3 Rb8 20. Rh3 Bf8 21. Nc3 Rb4
22. Nxg6 Bg7 23. Qg5 fxg6 24. Qxg6 Ne7 25. Bxe6+ Bxe6 26. Qxe6+ Kf8 27. Rf3+
Ke8 28. Qf7+ Kd7 29. Qxg7 1-0

[Event "Xtracon Skakligaen"]
[Site "Denmark"]
[Date "2016.10.29"]
[Round "1.2"]
[White "Schmidt, Kristen"]
[Black "Carstensen, Jacob"]
[Result "0-1"]
[WhiteElo "2215"]
[BlackElo "2380"]
[PlyCount "114"]
[EventDate "2016.10.29"]
[EventType "team-tourn"]
[EventRounds "9"]
[EventCountry "DEN"]
[WhiteTeam "K41 1"]
[BlackTeam "Bronshoj 1"]
[WhiteTeamCountry "DEN"]
[BlackTeamCountry "DEN"]

1. e4 c5 2. Nf3 e6 3. b3 Nf6 4. e5 Nd5 5. Bb2 Nc6 6. Bb5 Qc7 7. O-O b6 8. Re1
Bb7 9. Nc3 Nxc3 10. dxc3 Be7 11. Qe2 f5 12. Ba6 Bxa6 13. Qxa6 g5 14. Qe2 O-O-O
15. Nd2 Na5 16. a3 h5 17. b4 Nb7 18. Qa6 Kb8 19. Nc4 Qc6 20. b5 Qd5 21. Qa4 Na5
22. Nxa5 bxa5 23. c4 Qb7 24. Qxa5 h4 25. Qa6 Qxa6 26. bxa6 Kc7 27. Bc3 Rb8 28.
Ba5+ Kc6 29. Rab1 g4 30. a4 Rxb1 31. Rxb1 Bd8 32. Bxd8 Rxd8 33. Rb7 h3 34. Kf1
hxg2+ 35. Kxg2 Ra8 36. Kg3 Rh8 37. h4 gxh3 38. Kh2 Rh4 39. a5 Rxc4 40. Rxa7 Ra4
41. Kxh3 Rxa5 42. Ra8 Kd5 43. a7 Kxe5 44. Rc8 Rxa7 45. Rxc5+ d5 46. Kg3 Ra4 47.
Rc3 Rc4 48. Re3+ Kf6 49. Re2 e5 50. f3 f4+ 51. Kg4 Rc8 52. Rd2 Rg8+ 53. Kh4 Kf5
54. Kh3 Rg3+ 55. Kh4 Rxf3 56. Rxd5 Rf2 57. c4 Rh2# 0-1

[Event "Xtracon Skakligaen"]
[Site "Denmark"]
[Date "2016.10.29"]
[Round "1.3"]
[White "Aabling Thomsen, Jakob"]
[Black "Larsen, Peter"]
[Result "0-1"]
[WhiteElo "2380"]
[BlackElo "2251"]
[PlyCount "128"]
[EventDate "2016.10.29"]
[EventType "team-tourn"]
[EventRounds "9"]
[EventCountry "DEN"]
[WhiteTeam "Bronshoj 1"]
[BlackTeam "K41 1"]
[WhiteTeamCountry "DEN"]
[BlackTeamCountry "DEN"]

1. Nf3 c5 2. g3 b6 3. Bg2 Bb7 4. O-O g6 5. d4 cxd4 6. Qxd4 Nf6 7. c4 Bg7 8. Nc3
O-O 9. Qh4 d6 10. Bh6 Nbd7 11. Rac1 Rc8 12. Nb5 Bxf3 13. exf3 a6 14. Bxg7 Kxg7
15. Nc3 Qc7 16. b3 Qc5 17. f4 h6 18. Rfd1 b5 19. Bb7 Rc7 20. Bxa6 b4 21. Na4
Qa7 22. Bb5 Ne4 23. Rc2 Ndf6 24. Qh3 d5 25. Qg2 Nd6 26. Rxd5 Nxd5 27. Qxd5 Nxb5
28. Qxb5 Rd8 29. Qxb4 Rd1+ 30. Kg2 Qa8+ 31. f3 Rd3 32. Rf2 Qc8 33. Qe1 Qd8 34.
Nc3 Rc5 35. Nd5 Kf8 36. Qe2 Rdxd5 37. cxd5 Rxd5 38. Qb2 Kg8 39. b4 g5 40. fxg5
hxg5 41. b5 Qa5 42. b6 Rb5 43. Qd4 Qxb6 44. Qg4 Kf8 45. Re2 Rb1 46. Qc8+ Kg7
47. Qc3+ Kg8 48. Rf2 Qb5 49. Qd4 f6 50. a4 Qb7 51. Qc4+ Kg7 52. Qa2 g4 53. Qe2
Rb3 54. Qf1 e5 55. h3 f5 56. hxg4 fxg4 57. Qc1 gxf3+ 58. Kh3 Kg6 59. g4 e4 60.
Qc5 Rb6 61. Qf5+ Kg7 62. g5 Qe7 63. Kh4 e3 64. Rxf3 e2 0-1

[Event "Xtracon Skakligaen"]
[Site "Denmark"]
[Date "2016.10.29"]
[Round "1.4"]
[White "Clausen, Steen"]
[Black "Hoi, Carsten"]
[Result "1/2-1/2"]
[WhiteElo "2188"]
[BlackElo "2382"]
[PlyCount "91"]
[EventDate "2016.10.29"]
[EventType "team-tourn"]
[EventRounds "9"]
[EventCountry "DEN"]
[WhiteTeam "K41 1"]
[BlackTeam "Bronshoj 1"]
[WhiteTeamCountry "DEN"]
[BlackTeamCountry "DEN"]

1. d4 d5 2. Nf3 Nf6 3. c4 dxc4 4. e3 Bg4 5. Bxc4 e6 6. O-O a6 7. Qe2 Nc6 8. Rd1
Bd6 9. h3 Bh5 10. e4 Bxf3 11. Qxf3 e5 12. d5 Nd4 13. Qd3 b5 14. Bb3 Nd7 15. Re1
Nc5 16. Qd1 O-O 17. Bc2 Qh4 18. Nd2 Rae8 19. Nf3 Nxf3+ 20. Qxf3 f5 21. exf5 e4
22. Qg4 Qf6 23. Rb1 Qe5 24. g3 Qxf5 25. Qxf5 Rxf5 26. b4 Na4 27. Bd2 Rfe5 28.
Bb3 Kf8 29. Kg2 Nb6 30. Bf4 Rf5 31. Bxd6+ cxd6 32. Rbc1 Nxd5 33. Rcd1 Nxb4 34.
Rxd6 Nd3 35. Re2 Nc1 36. Rc2 Nxb3 37. axb3 Rf6 38. Rxf6+ gxf6 39. Rc6 Kf7 40.
Rxa6 e3 41. Ra7+ Kg6 42. Kf1 exf2 43. Kxf2 Re4 44. Rd7 h5 45. Kf3 Rb4 46. Rd3
1/2-1/2

[Event "Xtracon Skakligaen"]
[Site "Denmark"]
[Date "2016.10.29"]
[Round "1.5"]
[White "Bromann, Thorbjorn"]
[Black "Christensen, Bo Garner"]
[Result "1-0"]
[WhiteElo "2421"]
[BlackElo "2137"]
[PlyCount "55"]
[EventDate "2016.10.29"]
[EventType "team-tourn"]
[EventRounds "9"]
[EventCountry "DEN"]
[WhiteTeam "Bronshoj 1"]
[BlackTeam "K41 1"]
[WhiteTeamCountry "DEN"]
[BlackTeamCountry "DEN"]

1. b3 c5 2. Bb2 Nc6 3. Nf3 Nf6 4. c4 g6 5. Bxf6 exf6 6. Nc3 f5 7. g3 Bg7 8. Bg2
O-O 9. O-O Re8 10. Rc1 a6 11. e3 b5 12. d3 b4 13. Na4 Qa5 14. d4 cxd4 15. exd4
d6 16. Ne5 Nxd4 17. Nc6 Nxc6 18. Bxc6 Be6 19. Bxa8 Rxa8 20. Qxd6 Bf8 21. Qb6
Qe5 22. Rfe1 Qf6 23. Nc5 Qd4 24. Qc6 Bxc5 25. Qxa8+ Kg7 26. Qf3 h6 27. Rcd1 Qf6
28. Qf4 1-0

[Event "Xtracon Skakligaen"]
[Site "Denmark"]
[Date "2016.10.29"]
[Round "1.6"]
[White "Kragh, Niels Kristian"]
[Black "Palm, Nikolaj"]
[Result "0-1"]
[WhiteElo "2134"]
[BlackElo "2321"]
[PlyCount "50"]
[EventDate "2016.10.29"]
[EventType "team-tourn"]
[EventRounds "9"]
[EventCountry "DEN"]
[WhiteTeam "K41 1"]
[BlackTeam "Bronshoj 1"]
[WhiteTeamCountry "DEN"]
[BlackTeamCountry "DEN"]

1. e4 e5 2. Nf3 Nc6 3. d4 exd4 4. Nxd4 Nf6 5. Nc3 Bb4 6. Nxc6 bxc6 7. Bd3 d5 8.
exd5 cxd5 9. O-O O-O 10. Bg5 c6 11. Ne2 h6 12. Bh4 Be7 13. c4 Rb8 14. b3 Ng4
15. Bxe7 Qxe7 16. cxd5 Qd6 17. Ng3 cxd5 18. Rc1 Be6 19. Qd2 Rbd8 20. Rfe1 Rc8
21. h3 Ne5 22. Rxc8 Bxc8 23. Ne2 Bxh3 24. Qf4 Bg4 25. f3 Qb6+ 0-1

[Event "Xtracon Skakligaen"]
[Site "Denmark"]
[Date "2016.10.29"]
[Round "1.7"]
[White "Greger, Roland Reinhard"]
[Black "Petersen, Flemming Petri"]
[Result "1-0"]
[WhiteElo "2307"]
[BlackElo "2083"]
[PlyCount "87"]
[EventDate "2016.10.29"]
[EventType "team-tourn"]
[EventRounds "9"]
[EventCountry "DEN"]
[WhiteTeam "Bronshoj 1"]
[BlackTeam "K41 1"]
[WhiteTeamCountry "DEN"]
[BlackTeamCountry "DEN"]

1. e4 c6 2. d4 d5 3. e5 Bf5 4. Nf3 e6 5. Nbd2 Qb6 6. Nb3 Nd7 7. a4 Ne7 8. Bd2
Qc7 9. Nh4 c5 10. g4 Be4 11. f3 Bg6 12. Nxg6 hxg6 13. c3 Nc6 14. Bg2 Be7 15. f4
O-O-O 16. O-O Kb8 17. Be3 c4 18. Nd2 Rh4 19. Bf2 Rh7 20. b3 Na5 21. b4 Nc6 22.
Nf3 Rdh8 23. Bg3 Rf8 24. Qb1 a5 25. b5 Nd8 26. Ra2 b6 27. Raf2 Rhh8 28. Qc2 Kc8
29. Qe2 Rh6 30. Ne1 Rh7 31. Nc2 Rhh8 32. Ne3 Bh4 33. Bxh4 Rxh4 34. f5 gxf5 35.
gxf5 Rfh8 36. h3 R4h5 37. Qg4 Nxe5 38. dxe5 Qxe5 39. Qd4 Qc7 40. fxe6 Rxh3 41.
Bxh3 Qg3+ 42. Rg2 Qxh3 43. exf7 Rh4 44. Qxh4 1-0

[Event "Xtracon Skakligaen"]
[Site "Denmark"]
[Date "2016.10.29"]
[Round "1.8"]
[White "Bauner, Jan"]
[Black "Skousen, Nikolai"]
[Result "1/2-1/2"]
[WhiteElo "1972"]
[BlackElo "2275"]
[PlyCount "55"]
[EventDate "2016.10.29"]
[EventType "team-tourn"]
[EventRounds "9"]
[EventCountry "DEN"]
[WhiteTeam "K41 1"]
[BlackTeam "Bronshoj 1"]
[WhiteTeamCountry "DEN"]
[BlackTeamCountry "DEN"]

1. d4 Nf6 2. Bf4 g6 3. Nc3 d5 4. Nf3 Bg7 5. Qd2 h6 6. h3 c6 7. e3 Bf5 8. Bd3
Bxd3 9. Qxd3 Nbd7 10. O-O O-O 11. Rfe1 c5 12. Ne5 e6 13. Rad1 cxd4 14. exd4 Kh7
15. Ne2 Rc8 16. c3 Ne4 17. Nxd7 Qxd7 18. f3 Nd6 19. Ng3 Kg8 20. Re2 Nc4 21. Nf1
b5 22. a3 a5 23. h4 Rfd8 24. Ne3 Nxe3 25. Qxe3 Kh7 26. Qd3 Kg8 27. Qe3 Kh7 28.
Qd3 1/2-1/2

[Event "Xtracon Skakligaen"]
[Site "Denmark"]
[Date "2016.10.29"]
[Round "1.1"]
[White "Matthiesen, Martin"]
[Black "Sorensen, Jan"]
[Result "1/2-1/2"]
[WhiteElo "2317"]
[BlackElo "2423"]
[PlyCount "50"]
[EventDate "2016.10.29"]
[EventType "team-tourn"]
[EventRounds "9"]
[EventCountry "DEN"]
[WhiteTeam "SK 68 1"]
[BlackTeam "Aarhus/Skolerne 1"]
[WhiteTeamCountry "DEN"]
[BlackTeamCountry "DEN"]

1. d4 Nf6 2. c4 e6 3. Nc3 Bb4 4. Qc2 b6 5. e4 c5 6. dxc5 Bb7 7. Bd3 Na6 8. Nge2
Bxc5 9. h3 Nb4 10. Qd1 O-O 11. O-O d5 12. cxd5 exd5 13. exd5 Nxd3 14. Qxd3 Nxd5
15. Nxd5 Qxd5 16. Qxd5 Bxd5 17. Be3 Be7 18. Rfd1 Rfd8 19. Nc3 Bc6 20. a4 Rxd1+
21. Rxd1 Kf8 22. Rd4 Ke8 23. Nd5 Rd8 24. Nxe7 Kxe7 25. Rxd8 Kxd8 1/2-1/2

[Event "Xtracon Skakligaen"]
[Site "Denmark"]
[Date "2016.10.29"]
[Round "1.2"]
[White "Skytte, Rasmus"]
[Black "Hansen, Lars"]
[Result "1/2-1/2"]
[WhiteElo "2398"]
[BlackElo "2270"]
[PlyCount "75"]
[EventDate "2016.10.29"]
[EventType "team-tourn"]
[EventRounds "9"]
[EventCountry "DEN"]
[WhiteTeam "Aarhus/Skolerne 1"]
[BlackTeam "SK 68 1"]
[WhiteTeamCountry "DEN"]
[BlackTeamCountry "DEN"]

1. d4 d5 2. c4 dxc4 3. e4 Nf6 4. e5 Nd5 5. Bxc4 Nb6 6. Bb3 Bf5 7. Nc3 e6 8.
Nge2 Nc6 9. O-O Qd7 10. Be3 Be7 11. a3 O-O-O 12. Bc2 Bxc2 13. Qxc2 Kb8 14. Rac1
f5 15. Rfd1 g5 16. f3 Rhg8 17. Bf2 h5 18. b4 Rc8 19. Na4 Nxb4 20. axb4 Qxa4 21.
Qb2 Nd5 22. Ra1 Qc6 23. b5 Qb6 24. Nc3 c6 25. Na4 Qxb5 26. Qa2 a5 27. Rdb1 Bb4
28. Be1 g4 29. f4 Qd3 30. Nc5 Qe3+ 31. Bf2 Qc3 32. Nxe6 g3 33. hxg3 h4 34. Rb3
Qc4 35. Rf3 Qxa2 36. Rxa2 hxg3 37. Bxg3 Rg6 38. Ng5 1/2-1/2

[Event "Xtracon Skakligaen"]
[Site "Denmark"]
[Date "2016.10.29"]
[Round "1.3"]
[White "Lindfeldt, Magnus"]
[Black "Rasmussen, Karsten"]
[Result "0-1"]
[WhiteElo "2266"]
[BlackElo "2447"]
[PlyCount "82"]
[EventDate "2016.10.29"]
[EventType "team-tourn"]
[EventRounds "9"]
[EventCountry "DEN"]
[WhiteTeam "SK 68 1"]
[BlackTeam "Aarhus/Skolerne 1"]
[WhiteTeamCountry "DEN"]
[BlackTeamCountry "DEN"]

1. e4 c6 2. d4 d5 3. e5 Bf5 4. Nf3 e6 5. Nbd2 Nd7 6. Be2 Bg6 7. O-O Nh6 8. Re1
Be7 9. Bf1 O-O 10. g3 c5 11. c4 Nf5 12. cxd5 exd5 13. Bg2 Qb6 14. g4 Nxd4 15.
Nxd4 cxd4 16. f4 Bc2 17. Qf3 Nc5 18. Qxd5 Rad8 19. Qf3 Nd3 20. Rf1 Nxc1 21.
Raxc1 d3+ 22. Kh1 Qxb2 23. Qxb7 Qxb7 24. Bxb7 Ba3 25. Rce1 Bb4 26. Rf2 Rd4 27.
Re4 Rfd8 28. Kg2 Bd1 29. Rxd4 Rxd4 30. Kg3 Be2 31. Nb3 d2 32. Nxd4 d1=Q 33.
Nxe2 Be1 34. Bf3 Qc2 35. Kg2 Bxf2 36. Kxf2 Qxa2 37. Kg3 a5 38. Nc3 Qa1 39. Ne4
a4 40. Nd6 Qg1+ 41. Bg2 a3 0-1

[Event "Xtracon Skakligaen"]
[Site "Denmark"]
[Date "2016.10.29"]
[Round "1.4"]
[White "Christensen, Tobias Bent"]
[Black "Bank, Pelle Rodkjaer"]
[Result "0-1"]
[WhiteElo "2343"]
[BlackElo "2256"]
[PlyCount "58"]
[EventDate "2016.10.29"]
[EventType "team-tourn"]
[EventRounds "9"]
[EventCountry "DEN"]
[WhiteTeam "Aarhus/Skolerne 1"]
[BlackTeam "SK 68 1"]
[WhiteTeamCountry "DEN"]
[BlackTeamCountry "DEN"]

1. e4 e6 2. d4 d5 3. Nd2 Nc6 4. Ngf3 Nf6 5. exd5 exd5 6. Bb5 Bd7 7. O-O Be7 8.
Re1 O-O 9. c3 Re8 10. Bd3 Bd6 11. Rxe8+ Qxe8 12. Qe1 Qf8 13. Nf1 Re8 14. Be3
Ne7 15. Ne5 Bc8 16. f3 Nf5 17. Bf2 g6 18. Qd2 c5 19. Re1 cxd4 20. Bxf5 dxc3 21.
Qg5 Bxf5 22. Qxf6 Re6 23. Nd7 Rxf6 24. Nxf6+ Kg7 25. Ne8+ Kh6 26. Bd4 Bc5 27.
bxc3 Bxd4+ 28. cxd4 Qb4 29. Rd1 Qe7 0-1

[Event "Xtracon Skakligaen"]
[Site "Denmark"]
[Date "2016.10.29"]
[Round "1.5"]
[White "Rewitz, Poul"]
[Black "Ochsner, Thomas"]
[Result "1-0"]
[WhiteElo "2215"]
[BlackElo "2309"]
[PlyCount "87"]
[EventDate "2016.10.29"]
[EventType "team-tourn"]
[EventRounds "9"]
[EventCountry "DEN"]
[WhiteTeam "SK 68 1"]
[BlackTeam "Aarhus/Skolerne 1"]
[WhiteTeamCountry "DEN"]
[BlackTeamCountry "DEN"]

1. g3 Nf6 2. Bg2 d5 3. f4 Nc6 4. Nf3 Bg4 5. O-O Bxf3 6. Rxf3 e5 7. fxe5 Bc5+ 8.
e3 Nxe5 9. Rxf6 Qxf6 10. d4 Bb6 11. Nc3 c6 12. dxe5 Qxe5 13. Qf3 O-O 14. Na4
Rae8 15. Nxb6 axb6 16. c3 Re6 17. Bd2 Rfe8 18. Qg4 b5 19. Rf1 Qd6 20. Qb4 Qxb4
21. cxb4 Rd8 22. Rf4 f6 23. Kf2 Kf7 24. Bc3 Rde8 25. Bd4 g5 26. Rf5 Kg6 27. g4
h5 28. h3 hxg4 29. hxg4 Ra8 30. a3 Rh8 31. Kg3 Rh6 32. Rf1 Kf7 33. b3 Re8 34.
a4 bxa4 35. bxa4 Ra8 36. a5 Ke6 37. e4 dxe4 38. Bxe4 Rd8 39. Bc3 Kf7 40. b5 Re8
41. bxc6 Rxe4 42. cxb7 Rh8 43. Rxf6+ Ke7 44. Rf7+ 1-0

[Event "Xtracon Skakligaen"]
[Site "Denmark"]
[Date "2016.10.29"]
[Round "1.6"]
[White "Rendboe, John Filip"]
[Black "Ramsdal, Jens Albert"]
[Result "1-0"]
[WhiteElo "2160"]
[BlackElo "2201"]
[PlyCount "105"]
[EventDate "2016.10.29"]
[EventType "team-tourn"]
[EventRounds "9"]
[EventCountry "DEN"]
[WhiteTeam "Aarhus/Skolerne 1"]
[BlackTeam "SK 68 1"]
[WhiteTeamCountry "DEN"]
[BlackTeamCountry "DEN"]

1. d4 Nf6 2. c4 g6 3. Nf3 Bg7 4. g3 O-O 5. Bg2 c5 6. d5 d6 7. O-O e6 8. Nc3
exd5 9. cxd5 Re8 10. Nd2 b6 11. a4 Na6 12. Nc4 Nc7 13. Re1 Ng4 14. Bf4 Ne5 15.
Bxe5 Bxe5 16. Nxe5 Rxe5 17. e4 Bb7 18. f4 Re8 19. Qd2 f5 20. e5 Qd7 21. e6 Qg7
22. Rad1 a6 23. Bf1 Rab8 24. Bc4 Re7 25. Qe2 Bc8 26. Rd2 Ra8 27. g4 fxg4 28.
Qxg4 Rb8 29. Ne4 Ne8 30. Qe2 Ra7 31. Rf1 Qf8 32. Rf2 Ng7 33. Ng3 Nf5 34. Nxf5
Qxf5 35. Bd3 Qf6 36. f5 g5 37. Qh5 Bb7 38. Bf1 Kh8 39. Rfe2 Ba8 40. Re3 b5 41.
a5 Rg8 42. Qg4 h6 43. Qg3 Rd8 44. Bh3 h5 45. Qf2 g4 46. Bg2 Rf8 47. Qf4 Rg7 48.
Qxd6 Qxf5 49. Qe5 Qg6 50. e7 Re8 51. d6 Bxg2 52. Kxg2 Kh7 53. Qe4 1-0

[Event "Xtracon Skakligaen"]
[Site "Denmark"]
[Date "2016.10.29"]
[Round "1.7"]
[White "Bindzus, Niels"]
[Black "Hagen, Kresten Skytte"]
[Result "1/2-1/2"]
[WhiteElo "2225"]
[BlackElo "2158"]
[PlyCount "32"]
[EventDate "2016.10.29"]
[EventType "team-tourn"]
[EventRounds "9"]
[EventCountry "DEN"]
[WhiteTeam "SK 68 1"]
[BlackTeam "Aarhus/Skolerne 1"]
[WhiteTeamCountry "DEN"]
[BlackTeamCountry "DEN"]

1. e4 e6 2. d3 d5 3. Qe2 dxe4 4. dxe4 e5 5. c3 Nd7 6. Nf3 Ngf6 7. Qc2 Bc5 8.
Be2 a6 9. O-O Qe7 10. Nbd2 Nf8 11. Nb3 Ba7 12. Nh4 Ng4 13. Nf5 Bxf5 14. exf5
Qh4 15. Bxg4 Qxg4 16. h3 Qc4 1/2-1/2

[Event "Xtracon Skakligaen"]
[Site "Denmark"]
[Date "2016.10.29"]
[Round "1.8"]
[White "Jensen, Vagn"]
[Black "Christensen, Thomas K"]
[Result "1/2-1/2"]
[WhiteElo "2183"]
[BlackElo "2225"]
[PlyCount "63"]
[EventDate "2016.10.29"]
[EventType "team-tourn"]
[EventRounds "9"]
[EventCountry "DEN"]
[WhiteTeam "Aarhus/Skolerne 1"]
[BlackTeam "SK 68 1"]
[WhiteTeamCountry "DEN"]
[BlackTeamCountry "DEN"]

1. e4 c5 2. Nf3 d6 3. b3 e6 4. Bb5+ Bd7 5. Bxd7+ Nxd7 6. O-O Ngf6 7. Re1 Be7 8.
Bb2 O-O 9. d4 d5 10. Nbd2 dxe4 11. Nxe4 Nxe4 12. Rxe4 Bf6 13. Qe2 Qa5 14. c4
Rfd8 15. dxc5 Bxb2 16. Qxb2 Nxc5 17. Rg4 g6 18. Qe5 Qb6 19. Qh5 Nd3 20. Qh4 Kg7
21. Ng5 h6 22. Ne4 Qd4 23. Rd1 Qb2 24. h3 Rd7 25. Rd2 Qa1+ 26. Kh2 f5 27. Rxd3
Rad8 28. Rxg6+ Kxg6 29. Rg3+ Kf7 30. Qh5+ Ke7 31. Qh4+ Kf7 32. Qh5+ 1/2-1/2

[Event "Xtracon Skakligaen"]
[Site "Denmark"]
[Date "2016.10.29"]
[Round "1.1"]
[White "Schandorff, Lars"]
[Black "Teplyi, Igor"]
[Result "1/2-1/2"]
[WhiteElo "2511"]
[BlackElo "2431"]
[PlyCount "57"]
[EventDate "2016.10.29"]
[EventType "team-tourn"]
[EventRounds "9"]
[EventCountry "DEN"]
[WhiteTeam "Hillerod 1"]
[BlackTeam "Nordre 1"]
[WhiteTeamCountry "DEN"]
[BlackTeamCountry "DEN"]

1. Nf3 c5 2. c4 Nc6 3. Nc3 Nf6 4. e3 e6 5. d4 d5 6. cxd5 Nxd5 7. Bc4 Nxc3 8.
bxc3 cxd4 9. cxd4 Bb4+ 10. Bd2 Bxd2+ 11. Qxd2 O-O 12. Rc1 Qe7 13. Bb5 Bd7 14.
O-O Rfc8 15. Bd3 Be8 16. Rc5 Qd8 17. Rb1 Rc7 18. h3 Rac8 19. Rbc1 h6 20. Qc3
Rb8 21. Be4 Rcc8 22. Qb2 Ne7 23. Rxc8 Nxc8 24. Ne5 Nd6 25. Bf3 Rc8 26. Rxc8
Qxc8 27. Qa3 Qb8 28. Qc5 b6 29. Qc3 1/2-1/2

[Event "Xtracon Skakligaen"]
[Site "Denmark"]
[Date "2016.10.29"]
[Round "1.2"]
[White "Petersen, Tom Petri"]
[Black "Borge, Nikolaj"]
[Result "0-1"]
[WhiteElo "2341"]
[BlackElo "2386"]
[PlyCount "208"]
[EventDate "2016.10.29"]
[EventType "team-tourn"]
[EventRounds "9"]
[EventCountry "DEN"]
[WhiteTeam "Nordre 1"]
[BlackTeam "Hillerod 1"]
[WhiteTeamCountry "DEN"]
[BlackTeamCountry "DEN"]

1. Nf3 c5 2. c4 Nc6 3. g3 g6 4. Bg2 Bg7 5. Nc3 d6 6. d3 Bd7 7. Bd2 Qc8 8. h3
Rb8 9. Rb1 a6 10. a4 Nf6 11. Qc1 Nd4 12. Nxd4 cxd4 13. Nd5 Nxd5 14. Bxd5 Bxa4
15. Bh6 Bf6 16. b4 Bc6 17. Bxc6+ bxc6 18. h4 Rb6 19. O-O Qf5 20. c5 dxc5 21.
bxc5 Rb5 22. Qa3 Qxc5 23. Qxa6 Kd7 24. Rfc1 Rxb1 25. Rxb1 Rc8 26. Bd2 Qc2 27.
Rb7+ Rc7 28. Ba5 Rxb7 29. Qxb7+ Kd6 30. Qc7+ Kc5 31. Qa7+ Kd6 32. Qb8+ Kd5 33.
Qd8+ Kc5 34. Qb6+ Kd5 35. Qd8+ Ke5 36. Qc7+ Kf5 37. g4+ Kxg4 38. Qg3+ Kh5 39.
Qf3+ Kh6 40. Bc7 Kg7 41. h5 Qc1+ 42. Kg2 Qg5+ 43. Kf1 Qc1+ 44. Kg2 Qg5+ 45. Kf1
Qd5 46. Qxd5 cxd5 47. hxg6 Kxg6 48. Kg2 Kf5 49. Ba5 Kg4 50. Bd2 h5 51. Ba5 Be5
52. Bb4 e6 53. Ba5 h4 54. f3+ Kf5 55. Be1 Bg3 56. Bd2 Ke5 57. Bb4 Kf5 58. Kh3
Bf2 59. Kg2 Be3 60. Kh3 Bg5 61. Be1 Be7 62. Ba5 Kf4 63. Bd2+ Ke5 64. Be1 Kf5
65. Bd2 Ke5 66. Be1 Kf4 67. Bd2+ Kf5 68. Ba5 e5 69. Kg2 Bg5 70. Be1 e4 71. Bb4
f6 72. Bd6 Ke6 73. Bc7 Kd7 74. Bb6 exd3 75. exd3 Be3 76. Kh3 Kc6 77. Bd8 Kb5
78. Bxf6 Kb4 79. f4 Kc3 80. f5 Kxd3 81. Be7 Ke2 82. Kxh4 d3 83. f6 d2 84. f7
Bh6 85. Kh5 d1=Q 86. Kxh6 Qh1+ 87. Kg6 Qe4+ 88. Kf6 Qh4+ 89. Ke6 Qe4+ 90. Kf6
Qf4+ 91. Ke6 Qe3+ 92. Kd7 Qa7+ 93. Ke6 Qa6+ 94. Kd7 Qb7+ 95. Ke6 Qc6+ 96. Bd6
d4 97. f8=Q d3 98. Qf4 d2 99. Qh2+ Kd3 100. Qh3+ Kd4 101. Qh8+ Kc4 102. Qh4+
Kb3 103. Qh3+ Qc3 104. Qg4 Qc4+ 0-1

[Event "Xtracon Skakligaen"]
[Site "Denmark"]
[Date "2016.10.29"]
[Round "1.3"]
[White "Stojanovski, Sandi"]
[Black "Sloth, Jorn"]
[Result "1/2-1/2"]
[WhiteElo "2292"]
[BlackElo "2300"]
[PlyCount "47"]
[EventDate "2016.10.29"]
[EventType "team-tourn"]
[EventRounds "9"]
[EventCountry "DEN"]
[WhiteTeam "Hillerod 1"]
[BlackTeam "Nordre 1"]
[WhiteTeamCountry "DEN"]
[BlackTeamCountry "DEN"]

1. d4 e6 2. c4 Nf6 3. Nc3 Bb4 4. e3 b6 5. Bd3 Bb7 6. Nf3 O-O 7. O-O Bxc3 8.
bxc3 Be4 9. Be2 c5 10. Nd2 Bg6 11. d5 Re8 12. Bf3 e5 13. e4 d6 14. Re1 Nbd7 15.
a4 a6 16. g3 Qc7 17. Bg2 b5 18. axb5 axb5 19. Rxa8 Rxa8 20. cxb5 c4 21. Bf1 Nb6
22. Qe2 Ra2 23. Qe3 Nfd7 24. f3 1/2-1/2

[Event "Xtracon Skakligaen"]
[Site "Denmark"]
[Date "2016.10.29"]
[Round "1.4"]
[White "Olsen, Filip Boe"]
[Black "Jaksland, Tim"]
[Result "1/2-1/2"]
[WhiteElo "2241"]
[BlackElo "2230"]
[PlyCount "48"]
[EventDate "2016.10.29"]
[EventType "team-tourn"]
[EventRounds "9"]
[EventCountry "DEN"]
[WhiteTeam "Nordre 1"]
[BlackTeam "Hillerod 1"]
[WhiteTeamCountry "DEN"]
[BlackTeamCountry "DEN"]

1. d4 Nf6 2. c4 c5 3. d5 b5 4. cxb5 a6 5. f3 g6 6. e4 Bg7 7. Na3 O-O 8. Ne2 e6
9. d6 Bb7 10. Nc3 Nh5 11. Be3 f5 12. exf5 Rxf5 13. Qd2 axb5 14. Naxb5 Na6 15.
O-O-O Nb4 16. Bc4 Nd5 17. Bxd5 Bxd5 18. g4 Re5 19. gxh5 Bxf3 20. hxg6 hxg6 21.
Bh6 Bxh1 22. Rxh1 Qh4 23. Bxg7 Kxg7 24. Rf1 Rh8 1/2-1/2

[Event "Xtracon Skakligaen"]
[Site "Denmark"]
[Date "2016.10.29"]
[Round "1.5"]
[White "Ostergaard, Jens"]
[Black "Andersen, Thomas Klitgaard"]
[Result "1-0"]
[WhiteElo "2239"]
[BlackElo "2217"]
[PlyCount "107"]
[EventDate "2016.10.29"]
[EventType "team-tourn"]
[EventRounds "9"]
[EventCountry "DEN"]
[WhiteTeam "Hillerod 1"]
[BlackTeam "Nordre 1"]
[WhiteTeamCountry "DEN"]
[BlackTeamCountry "DEN"]

1. d4 d5 2. Nf3 Nf6 3. c4 c6 4. Nc3 dxc4 5. a4 Bf5 6. e3 e6 7. Bxc4 Bb4 8. O-O
Nbd7 9. Nh4 Bg6 10. Qb3 a5 11. g3 Qc7 12. f3 O-O 13. e4 e5 14. dxe5 Nxe5 15.
Be2 Ned7 16. Be3 Bc5 17. Na2 Qb6 18. Qxb6 Bxb6 19. Bxb6 Nxb6 20. b3 Rfd8 21.
Rfd1 Kf8 22. Kf2 Rxd1 23. Rxd1 Nfd7 24. Rc1 f6 25. Rc3 Rd8 26. Nc1 Ke7 27. Nd3
Kd6 28. Ke3 Re8 29. Kf2 Re7 30. Nf4 Nf8 31. Bf1 Ne6 32. Nhxg6 hxg6 33. Nxg6 Re8
34. Bh3 Nd7 35. Rd3+ Kc7 36. Bxe6 Rxe6 37. Nh4 Rd6 38. Ke3 Nc5 39. Rxd6 Kxd6
40. Nf5+ Kd7 41. Nd4 g6 42. h4 Ke7 43. f4 Kd6 44. g4 Nd7 45. g5 fxg5 46. hxg5
Nf8 47. f5 gxf5 48. Nxf5+ Ke5 49. Nh4 Ne6 50. Nf3+ Kd6 51. g6 Ke7 52. e5 Nc5
53. Ng5 Kf8 54. e6 1-0

[Event "Xtracon Skakligaen"]
[Site "Denmark"]
[Date "2016.10.29"]
[Round "1.6"]
[White "Hoiberg, Nina"]
[Black "Pedersen, Jan Nordenbaek"]
[Result "1-0"]
[WhiteElo "2218"]
[BlackElo "2170"]
[PlyCount "89"]
[EventDate "2016.10.29"]
[EventType "team-tourn"]
[EventRounds "9"]
[EventCountry "DEN"]
[WhiteTeam "Nordre 1"]
[BlackTeam "Hillerod 1"]
[WhiteTeamCountry "DEN"]
[BlackTeamCountry "DEN"]

1. e4 Nf6 2. e5 Nd5 3. Bc4 e6 4. d4 d6 5. Nf3 Nb6 6. Bd3 Nc6 7. c3 Be7 8. O-O
Nd7 9. Qe2 O-O 10. Bf4 Re8 11. Nbd2 Nf8 12. b4 a6 13. a4 b6 14. Nb3 a5 15. b5
Nb8 16. Rfe1 Bb7 17. Rad1 Ng6 18. Bg3 Nd7 19. Bc2 Ra7 20. Nbd2 d5 21. h4 c5 22.
h5 Ngf8 23. Nh2 cxd4 24. cxd4 Bc8 25. Ng4 Rc7 26. Bb1 Rc3 27. Bf4 Bb4 28. Nh6+
gxh6 29. Qg4+ Ng6 30. hxg6 fxg6 31. Bxg6 hxg6 32. Qxg6+ Kh8 33. Qxh6+ Kg8 34.
Bg5 Be7 35. Qxe6+ Kg7 36. Qh6+ Kg8 37. Qg6+ Kh8 38. Bh6 Rg8 39. Qh5 Qe8 40. Qh2
Rg6 41. Ne4 Rf3 42. Nf6 Nxf6 43. exf6 Bh3 44. Rxe7 Qc8 45. Qe5 1-0

[Event "Xtracon Skakligaen"]
[Site "Denmark"]
[Date "2016.10.29"]
[Round "1.7"]
[White "Pedersen, Martin Rosenkilde"]
[Black "Christensen, Jan Schleicher"]
[Result "1-0"]
[WhiteElo "2121"]
[BlackElo "2179"]
[PlyCount "50"]
[EventDate "2016.10.29"]
[EventType "team-tourn"]
[EventRounds "9"]
[EventCountry "DEN"]
[WhiteTeam "Hillerod 1"]
[BlackTeam "Nordre 1"]
[WhiteTeamCountry "DEN"]
[BlackTeamCountry "DEN"]

1. e4 e5 2. Nf3 Nc6 3. Bb5 f5 4. d3 fxe4 5. dxe4 Nf6 6. O-O Bc5 7. Qd3 Nd4 8.
Nxe5 Qe7 9. Nf3 Nxb5 10. Qxb5 Nxe4 11. Nbd2 Nxf2 12. Rxf2 Bxf2+ 13. Kxf2 O-O
14. Nf1 d5 15. Qxd5+ Be6 16. Bg5 Qf7 17. Qc5 Rae8 18. Re1 Qg6 19. Bh4 Rf5 20.
Qc3 Ref8 21. N1d2 Bd5 22. Bg3 h5 23. Kg1 Qg4 24. Qd4 Bxa2 25. b3 Rd5 1-0